000 01019nam a2200241Ia 4500
003 Ost
005 20260507075027.0
008 260507s9999||||xx |||||||||||||| ||und||
040 _cfsecg
041 _aara
082 _a330
100 _aعبد الخالق، السيد أحمد
_eمؤلف
245 0 _aالجات :
_bتحرير التجارة العالمية ودول العالم النامي /
_c السيد أحمد عبد الخالق
260 _aالاسكندرية:
_bالدار الجامعية,
_c2003
300 _a267 صفحة؛
_bإيضاحات ؛
_c24 سم
520 _aتطور الجات ومنظمة التجارة العالمية- المنافسة العالمية- التكوين المهني والتدريب- الأثار على دول العالم الثالث
653 _aالأسواق العالمية
653 _aالتجارة
653 _aالجات
653 _aالمنافسة
700 _aبليح، أحمد بديع
_eمؤلف ثانوي
942 _cكتاب
999 _c42350
_d42350